| 000 | 00599nam a2200205Ia 4500 | ||
|---|---|---|---|
| 005 | 20250923145653.0 | ||
| 008 | 008 250917s9999 xx 000 0 eng d | ||
| 037 | _aTextual | ||
| 040 |
_aDSWL _beng _cDSWL |
||
| 041 |
_aeng _2eng |
||
| 084 |
_aYX;6-L80b, N84 _qDSWL |
||
| 100 |
_aGoldstein, E.G. _9837776 |
||
| 245 | 0 |
_aEgo Psychology and social work practice _c by E.G.Goldstein |
|
| 260 |
_aNew Delhi _bDelhi The Free Press _c1984 |
||
| 300 | _axix,316 p. | ||
| 365 |
_aINR _b206.79 |
||
| 925 | _g206.79 | ||
| 942 |
_cTEXL _hYX;6-L80b, N84 |
||
| 999 |
_c1454179 _d1454179 |
||